000 00817nam a2200229 i 4500
001 186850
003 ES-MaACL
005 20251118153331.0
008 170222s1910 sp |||| | spa d
080 _a821.134.2-32"19"
100 1 _aLinares, Antonio G. de,
_d1875-1945
_972331
245 1 4 _aLas jornadas de un escéptico /
_cilustraciones de Méndez Bringas.
260 _aMadrid :
_bLos Contemporáneos,
_c1910.
300 _a[20] p. :
_bil. ;
_c28 cm.
490 1 _aLos contemporáneos ;
_v96
500 _aEn cubierta: Novela de nuestro concurso, lema: ¡Dum spiro, spero...!
594 _aAutor: Antonio G. de Linares.
700 1 _aMéndez Bringa, Narciso,
_d1868-1933
_9153339
830 0 _aLos contemporáneos ;
_v96
_9185715
852 _aES-MaACL
_jR-2599(17)
999 _c186850
_d186850